000
00300nam a2200133Ia 4500
100
_a
Lockman/ David
942
_c
BK
654
_a
C
245
_a
Teach yourself Oracle 8 Database development in 21 days
260
_b
Techmedia
_a
Delhi
_c
1997
300
_a
665
546
_a
ENGLISH
999
_c
17813
_d
17813